God,Life and The Cosmos. (Record no. 348364)
[ view plain ]
| 000 -LEADER | |
|---|---|
| fixed length control field | 00403 a2200157 4500 |
| 020 ## - INTERNATIONAL STANDARD BOOK NUMBER | |
| International Standard Book Number | 969519074X |
| 082 ## - DEWEY DECIMAL CLASSIFICATION NUMBER | |
| Classification number | 291.175 |
| 090 ## - LOCALLY ASSIGNED LC-TYPE CALL NUMBER (OCLC); LOCAL CALL NUMBER (RLIN) | |
| -- | 5975 |
| -- | 5975 |
| 100 ## - MAIN ENTRY--PERSONAL NAME | |
| Personal name | Peters,Ted. |
| 245 ## - TITLE STATEMENT | |
| Title | God,Life and The Cosmos. |
| Statement of responsibility, etc. | Ted Peters, Muzaffar Iqbal & S.Nomanul Haq. |
| 250 ## - EDITION STATEMENT | |
| Edition statement | 1st. |
| 260 ## - PUBLICATION, DISTRIBUTION, ETC. | |
| Place of publication, distribution, etc. | Lahore. |
| Name of publisher, distributor, etc. | Suhail Academy. |
| Date of publication, distribution, etc. | 2004. |
| 300 ## - PHYSICAL DESCRIPTION | |
| Extent | 404p. |
| 500 ## - GENERAL NOTE | |
| General note | Hardcover |
| 942 ## - ADDED ENTRY ELEMENTS (KOHA) | |
| Institution code [OBSOLETE] | NBS |
| Koha item type | Book |
| Call number prefix | 291.175 PET |
| Withdrawn status | Lost status | Damaged status | Not for loan | Permanent Location | Current Location | Date acquired | Total Checkouts | Full call number | Barcode | Checked out | Date last seen | Date last checked out | Price effective from | Koha item type |
|---|---|---|---|---|---|---|---|---|---|---|---|---|---|---|
| Central Library (CL) | Central Library (CL) | 08/28/2013 | 1 | 291.175 PET | NBSD-1567 | 02/09/2025 | 01/10/2025 | 01/10/2025 | 08/28/2013 | Book |
